| 000 | 00900nam0a2200301 4500 | ||
|---|---|---|---|
| 001 | RU\NLR\BIBL_A\012116019 | ||
| 005 | 20191024144753.0 | ||
| 010 |
_a978-5-386-13444-0 _9500 |
||
| 021 |
_aRU _bКН-П-19-068744 _9КН-П-19-4951 |
||
| 035 | _a(NLR Aleph) 012116019 | ||
| 035 | _a(RuMoRGB)010092685 | ||
| 090 |
_a11968102 _c11968102 |
||
| 100 | _a20191010d2019 e y0rusy50 ca | ||
| 101 | 0 | _arus | |
| 102 | _aRU | ||
| 105 | _ay|||z|||000ay | ||
| 200 | 1 |
_aТакси-призрак _e[детектив] _fЕлена А. Миллер |
|
| 210 |
_aМосква _cDelibri _cРИПОЛ классик _d2019 |
||
| 215 |
_a235, [2] с. _d21 |
||
| 333 | _a18+ | ||
| 686 | 2 | _aШ6(2=Р)8-446 | |
| 700 | 1 |
_aМиллер _bЕ. А. _gЕлена А. |
|
| 942 | _cBOOK | ||
| 980 | _aNBR | ||
| 980 | _aNB | ||